[Event "GM Tournament Belgrade 2022"]
[Site "Belgrade"]
[Date "2022.03.11"]
[Round "6.2"]
[White "Ivanisevic, Ivan"]
[Black "Sjugirov, Sanan"]
[Result "0-1"]
[WhiteElo "2599"]
[BlackElo "2680"]
[Annotator "TA"]
[PlyCount "138"]
[EventDate "2022.03.06"]
[EventType "tourn"]
[EventCountry "SRB"]
[SourceTitle "playchess.com"]
[Source "ChessBase"]
[SourceQuality "1"]

{[%evp 11,138,7,6,-11,0,-1,0,0,0,-15,-12,-12,17,20,24,21,20,22,35,0,0,0,0,0,10,0,15,16,0,0,0,0,6,0,145,138,145,133,161,147,151,154,157,147,164,145,352,364,506,471,457,264,244,195,221,172,338,293,488,393,355,335,324,113,112,118,117,0,58,39,54,56,65,42,88,53,86,80,92,0,0,0,90,110,263,252,243,241,202,101,84,85,160,133,502,418,755,761,832,816,1110,833,781,712,712,0,387,64,61,0,0,0,0,4,6,-439,-416,-993,-942,-5724,-5724,-29964,-852,-507,-580,-2486,-1283,-12330,-5498]} 1. d4 Nf6 2. c4 e6 3. Nc3 Bb4 4. e3 O-O 5. Bd3 d5 6. cxd5 exd5 7. a3 {E48: Nimzo-Indian: Rubinstein: 5 Bd3 d5 including 6 Ne2, but excluding 6 a3.} Bd6 8. Qc2 {is more profitable than 8.Nge2 at the moment.} c6 9. Nge2 {The position is equal.} Re8 10. O-O Nbd7 11. Bd2 a5 12. f3 c5 {[#]} 13. Nb5 $146 ({Predecessor:} 13. Bb5 Qb6 14. Rac1 Qc7 15. g4 Bxh2+ 16. Kg2 h6 17. Rh1 Bd6 18. Rh4 b6 19. Rch1 Ba6 20. g5 Bxb5 21. Nxb5 {1-0 (21) Launhardt,W (2144)-Kepinski,J (1358) LSS email 2012}) 13... Bf8 14. b3 {Inhibits c4.} b6 15. g4 a4 16. bxa4 c4 17. Bf5 g6 {[#]} 18. g5 $1 $36 {[%mdl 2048] White is pushing.} gxf5 19. gxf6 Nxf6 20. Ng3 f4 21. exf4 Bd7 22. Nc3 b5 (22... Kh8 $11) 23. axb5 $16 Rxa3 24. Kh1 Qb6 25. Rxa3 Bxa3 26. Rg1 Kh8 27. f5 $1 Rg8 28. Bf4 $1 {Be5 is the strong threat.} Qxd4 (28... Bd6 $16 29. Qc1 Bc8) 29. Nce2 $1 $18 Qb6 30. Qc3 Bf8 31. Be5 (31. Be3 $142 Qd6 32. Nh5 Rxg1+ 33. Kxg1) 31... Bg7 32. Bd4 Qd6 33. b6 Bc8 (33... Bc6 34. Ra1 Bb7) 34. Ra1 Ne8 $2 (34... Qc6 35. Ra7 Bb7) 35. Ra8 Qc6 36. Ra7 Bb7 37. Nh5 $2 (37. f6 $18 {has better winning chances.} Bf8 38. Nf5) 37... Bxd4 $16 38. Qxd4+ f6 39. Nc3 (39. Nef4 $1 $16) 39... Rg5 (39... Rf8 $11) 40. Ng3 $14 Rg7 41. Ra1 Re7 {Prevents Re1.} 42. Rg1 Ng7 {Prevents Nh5.} (42... Qd7 $14) 43. Nce2 Qd6 44. h4 $1 (44. Ne4 $6 Qe5 45. N4g3 (45. Qxe5 fxe5 46. Nd6 Ne8 $15) 45... Ne8 $11) 44... Ne8 45. Rg2 (45. Nf4 $16) 45... Qe5 $11 46. Qg1 {Intending Nh5 and mate.} Ng7 {To avoid Nh5} (46... Rg7 $11) 47. Nd4 $16 Qf4 $2 (47... Re8 $16 {was necessary.}) 48. Nge2 $18 Qb8 (48... Qxh4+ $2 49. Rh2 Qg5 50. Qxg5 fxg5 51. f6 $18) 49. Qc1 $1 {And now Qh6 would win.} Qe5 50. Qh6 (50. h5 $1 $18) 50... Rf7 $16 51. Qf4 c3 ({Black should play} 51... Bc8) 52. Qg4 {aiming for h5.} Qe3 $2 {[%mdl 8192]} (52... c2 $16 {is more resistant.}) 53. Nf4 $18 Ba6 (53... Qxd4 $2 54. Ng6+ $1 {[%mdl 512]} hxg6 55. Qxd4 $18) (53... c2 $142 54. Nxc2 Qe5) 54. Nfe6 {[%cal Re6g7] Pair of Knights!} (54. Nxd5 Qe5 55. h5 Qxd5 $11) 54... Qh6 55. Qg3 {Qb8+ would kill now.} Rb7 {Inhibits Qb8+.} 56. Nxg7 {White threatens Nge6 and mate.} Qxg7 57. Qf4 (57. Qd6 Qe7 58. Qxe7 (58. Qxd5 Qe1+ 59. Kh2 Qxh4+ 60. Kg1 Qe1+ 61. Kh2 Qe5+ 62. Qxe5 fxe5 $11) (58. Qg3 Qf7 $16) 58... Rxe7 $14) 57... Qe7 58. Qg3 {[%csl Gg2][%cal Rg3g8]} Qg7 {Inhibits Qg8+.} 59. Qd6 ({White should try} 59. Qxg7+ $18 Rxg7 60. Ra2) 59... Qe7 $14 60. Qe6 ({Don't play} 60. Qxd5 Qe1+ 61. Kh2 Qxh4+ 62. Kg1 Qe1+ 63. Kh2 Qe5+ 64. Qxe5 fxe5 $11) ({But not} 60. Qg3 $6 Qe8 $18) (60. Qxe7 $14 Rxe7 61. Ra2) 60... Qxe6 $11 61. fxe6 Rxb6 {[%mdl 4096] Endgame KRB-KRN} 62. e7 {[%cal Re7e8]} Rb8 63. Nf5 $2 {[%mdl 8192]} (63. Rc2 $11 {and White has nothing to worry.} Re8 64. Rxc3 Rxe7 65. Rc6) 63... Bd3 $19 64. Nd6 (64. Nd4 $142 Re8 65. Kg1) 64... Bg6 {Strongly threatening ...Rb1+.} 65. h5 Bxh5 {( -> ...Rb1+)} 66. Kh2 Bg6 (66... Rb2 $142 67. Nf5 Rxg2+ 68. Kh3 {[#]} c2 $1 {[%mdl 512]} 69. Kxg2 c1=Q 70. Ng3 Be8 71. Nh1 Bb5 72. Ng3 Qc2+ 73. Kg1 Qc5+ 74. Kg2 Qxe7 75. Kf2 Qe5 76. Kg2 Qb2+ 77. Kg1 d4 78. Nh5 Qe2 79. Nf4 Qxf3 80. Kh2 Qxf4+ 81. Kh1 Bf1 82. Kg1 Qf3 83. Kh2 Qg2#) 67. Kg3 {Black is clearly winning.} d4 {White must now prevent ...d3.} 68. f4 c2 69. e8=Q+ Rxe8 {Weighted Error Value: White=0.37/Black=0.40} 0-1

[Event "GM Tournament Belgrade 2022"]
[Site "Belgrade"]
[Date "2022.03.11"]
[Round "6.3"]
[White "Abdusattorov, Nodirbek"]
[Black "Indjic, Aleksandar"]
[Result "1-0"]
[WhiteElo "2651"]
[BlackElo "2604"]
[Annotator "TA"]
[PlyCount "61"]
[EventDate "2022.03.06"]
[EventType "tourn"]
[EventCountry "SRB"]
[SourceTitle "playchess.com"]
[Source "ChessBase"]
[SourceQuality "1"]

{[%evp 15,61,0,3,-14,0,-6,-20,-8,0,0,106,101,106,87,77,86,70,69,77,75,106,126,134,134,134,133,128,136,135,154,151,155,158,151,161,164,150,155,152,139,145,145,139,147,157,158,521,505]} 1. e4 e6 2. d4 d5 3. e5 c5 {[%cal Bc7c5,Bc5c4][%mdl 32]} 4. c3 Nc6 5. Nf3 Qb6 6. a3 c4 7. Nbd2 Na5 8. Rb1 Bd7 9. h4 {C02: French: Advance Variation.} Ne7 {[#]} 10. b4 $146 ({Predecessor:} 10. h5 h6 11. Be2 Nc8 12. Nf1 Qb3 13. Bf4 Qxd1+ 14. Bxd1 Nb6 15. Ne3 Ba4 16. Be2 Be7 {1-0 (57) Aravindh,C (2641)-Lenderman,A (2624) Chess.com INT 2020}) 10... cxb3 $1 11. Nxb3 {The position is equal.} Ba4 {[%cal Ra4b3]} 12. Nxa5 {[%cal Bb3a5,Ba5b7,Bb7d6][%mdl 32]} Bxd1 (12... Qxa5 $11 13. Qd2 Qc7) 13. Rxb6 $16 axb6 14. Nxb7 {Hoping for Bb5+.} Ba4 {Inhibits Bb5+. And now ...Nc8 would win.} 15. Nd6+ Kd7 16. Nxf7 {Pair of Knights!} Rg8 17. Bd3 $1 h6 18. Bh7 Ke8 19. Nd6+ Kd7 20. Bxg8 {White is much more active.} Nxg8 21. Rh3 $1 Bxd6 22. exd6 {Black must now prevent Rg3.} Nf6 23. Rg3 Rg8 24. Bf4 Nh5 25. Rg4 Nf6 {[#]} 26. Rg6 Bc2 27. Ne5+ Kc8 28. d7+ Kd8 29. Rg3 Be4 30. Bd2 Nh5 $2 {[#]} (30... Ke7 $16 {is a better chance.} 31. Kd1 (31. f3 Bh7 $16) 31... Kd8) 31. Bxh6 $1 {[%mdl 512] Black did not feel at home in the position after the opening.  Weighted Error Value: White=0.02 (flawless) /Black=0.27 (precise)} 1-0

[Event "GM Tournament Belgrade 2022"]
[Site "Belgrade"]
[Date "2022.03.11"]
[Round "6.4"]
[White "Markus, Robert"]
[Black "Navara, David"]
[Result "1/2-1/2"]
[WhiteElo "2625"]
[BlackElo "2697"]
[Annotator "TA"]
[PlyCount "84"]
[EventDate "2022.03.06"]
[EventType "tourn"]
[EventCountry "SRB"]
[SourceTitle "playchess.com"]
[Source "ChessBase"]
[SourceQuality "1"]

{[%evp 15,84,3,18,6,13,0,6,5,18,6,10,8,0,0,0,0,0,8,13,0,0,9,31,0,0,0,17,0,0,0,0,0,0,-51,-53,-72,-71,-61,91,-70,-63,-89,-89,-89,-87,-79,0,0,0,0,0,0,20,0,0,0,1402,0,0,0,0,0,0,0,0,0,0,0,0,0,0]} 1. Nf3 d5 2. g3 Nf6 3. Bg2 c6 4. O-O Bf5 5. d3 h6 6. b3 e6 7. Bb2 Bc5 8. Nbd2 O-O 9. Ne5 {A07: Réti Opening: New York and Capablanca Systems.} a5 10. a3 Bh7 11. e4 Nbd7 12. Nxd7 Nxd7 {[#]} 13. d4 $146 ({Predecessor:} 13. Qe2 Re8 14. h4 Bd6 15. e5 Bf8 16. f4 a4 17. b4 Qb6+ 18. d4 Bxc2 19. Nc4 {1-0 (45) Larino Nieto,D (2455)-Pham,L (2369) Chess.com INT 2021}) 13... Be7 14. c4 {[%cal Re4d5]} dxe4 15. Nxe4 Qb6 16. Re1 Rad8 17. Qf3 Bxe4 18. Rxe4 Bf6 19. Rd1 c5 20. dxc5 Qxc5 {[#]} 21. b4 $1 axb4 22. axb4 Qxb4 23. Ba3 {A strong pair of Bishops.} Qa4 24. Bd6 {Inhibits Ne5.} ({Not} 24. Bxf8 $2 Ne5 25. Rxd8 Nxf3+ 26. Bxf3 Bxd8 $19) (24. c5 $11 Qc6 25. Ree1) 24... Rfe8 $1 $15 25. c5 Qb5 (25... Qa5 $5 {[%cal Rd7c5]}) 26. Rc1 Bb2 $2 {[#]} (26... Bg5 $15 {stays ahead.} 27. Bf1 Qc6) 27. Rc2 $2 {[#]} (27. Rb1 $1 $16 {Hoping for Re2.} Qa5 28. Qb3) 27... Be5 $1 28. Re1 {Prevents Qb1.} (28. Bf1 Qc6) 28... Bxd6 29. cxd6 Nf6 30. Rd1 Nd5 (30... Qa6 $17 31. Qf4 Rd7) 31. Qa3 $1 $11 Qb6 32. Bxd5 exd5 33. Rxd5 Re1+ 34. Kg2 {Black must now prevent d7.} Qb1 $1 35. Qd3 {And now d7 would win.} Rh1 $2 {[%mdl 8192] [#]} (35... Rg1+ $11 36. Kh3 Rc1) 36. f4 $2 {Active counter play!} ({Less strong is} 36. Kf3 Rc1 37. Rd2 Rd7 $14) (36. d7 $1 $18 {Intending Rc8 and mate.} Rg1+ 37. Kh3) 36... Rg1+ {The position is equal.} 37. Kh3 {d7 is the strong threat.} Rc1 $1 38. Rxc1 Qxc1 39. d7 {aiming for Re5.} Qc6 40. f5 b5 41. Qxb5 Qxb5 42. Rxb5 {Threatens to win with Rd5.} Rxd7 {Weighted Error Value: White=0.48/Black=0.12 (very precise)} 1/2-1/2

[Event "GM Tournament Belgrade 2022"]
[Site "Belgrade"]
[Date "2022.03.11"]
[Round "6.5"]
[White "Nihal Sarin"]
[Black "Maghsoodloo, Parham"]
[Result "1/2-1/2"]
[WhiteElo "2656"]
[BlackElo "2701"]
[Annotator "TA"]
[PlyCount "96"]
[EventDate "2022.03.06"]
[EventType "tourn"]
[EventCountry "SRB"]
[SourceTitle "playchess.com"]
[Source "ChessBase"]
[SourceQuality "1"]

{[%evp 16,96,20,10,13,10,7,-7,17,33,31,0,39,24,23,0,0,0,24,-26,-10,-11,-27,-53,-69,-64,-26,-62,-56,-47,43,0,0,-17,0,0,0,-47,-42,-49,-18,-50,-49,-72,-17,-36,0,0,0,0,0,0,0,0,0,0,0,0,0,0,0,0,0,0,0,0,0,0,0,0,0,0,0,0,0,0,0,-15,0,0,0,0,10]} 1. e4 e5 2. Nf3 Nc6 3. Bb5 a6 4. Ba4 Nf6 5. O-O b5 6. Bb3 Bc5 7. c3 d6 8. d4 Bb6 9. Be3 O-O {C78: Ruy Lopez: Archangelsk and Möller Defences.} 10. Nbd2 Rb8 11. h3 h6 12. Re1 Re8 13. a3 Bd7 14. Bc2 a5 15. Bd3 a4 {[#]} 16. Qc2 $146 ({Predecessor:} 16. Qe2 Ba5 17. Rac1 exd4 18. cxd4 d5 19. e5 Ne4 20. Nxe4 dxe4 21. Bxe4 Bxe1 22. Nxe1 {1-0 (34) Harikrishna,P (2730)-Ju,W (2560) chess24.com INT 2021}) 16... Na5 17. Rad1 (17. dxe5 $142 Bxe3 18. Rxe3 dxe5 19. c4) 17... c5 $11 {[%cal Bc7c5,Bc5c4][%mdl 32]} 18. dxe5 dxe5 19. Qb1 c4 20. Bc2 Qc8 {[%cal Od7h3] With the idea ...Bxh3!} 21. Kh2 Nh5 22. Nf1 Nf4 {[#]} (22... Nb3 $15) 23. Bxf4 (23. Rxd7 $1 $14 {was preferrable.} Qxd7 24. Nxe5) 23... exf4 24. Qc1 Bc7 25. e5 Bf5 26. Be4 (26. Rd5 $11) 26... Bxe4 $15 27. Rxe4 g5 (27... Nb3 $5 {[%cal Rb3c1]} 28. Qxf4 Nc5 $15) 28. N1d2 Nc6 {[%cal Rc7e5]} 29. Rde1 Rb6 ({Black should try} 29... Qd7 $17) 30. Qd1 $11 g4 (30... Qd7 {with more complications.} 31. Kg1 Re7 32. Qe2 Qd5 33. Qd1 Kf8) 31. hxg4 {The position is equal.} Qxg4 32. Qe2 Nxe5 33. Nxe5 {[%cal Bf3e5,Be5d7,Bd7f6,Bf6e8,Be8c7,Bc7b5,Bb5d6,Bd6c4,Bc4b6][%mdl 32] Chess con chili.} Qxe2 34. R4xe2 {[#] aiming for Nef3.} Rbe6 {[%cal Rc7e5]} 35. Ndf3 f6 36. Nd7 Rxe2 37. Nxf6+ Kf8 38. Nxe8 {Pair of Knights!} Rxe1 39. Nxc7 Re2 {[%csl LRb2,LRf2]} 40. Nxb5 Rxb2 41. Nfd4 Rxf2 42. Nd6 Rb2 43. Nxc4 f3 $1 44. Nxf3 (44. Nxb2 $2 {loses.} f2 45. Nxa4 (45. Ne6+ $2 Kf7 $19) 45... f1=Q $19) 44... Rb3 45. Nd4 Rxc3 46. Nb6 Kf7 {[%mdl 1024] Black has compensation.} 47. Nb5 Rb3 {Threatens to win with ...Kg6.} 48. Nd6+ Ke6 {Weighted Error Value: White=0.10 (very precise) /Black=0.13 (very precise)} 1/2-1/2

[Event "GM Tournament Belgrade 2022"]
[Site "Belgrade"]
[Date "2022.03.12"]
[Round "7.1"]
[White "Maghsoodloo, Parham"]
[Black "Sarana, Alexey"]
[Result "1-0"]
[WhiteElo "2701"]
[BlackElo "2685"]
[Annotator "TA"]
[PlyCount "49"]
[EventDate "2022.03.06"]
[EventType "tourn"]
[EventCountry "SRB"]
[SourceTitle "playchess.com"]
[Source "ChessBase"]
[SourceQuality "1"]

{[%evp 17,49,20,28,30,34,27,42,33,37,34,39,31,19,29,32,29,57,52,66,64,54,66,72,70,58,61,66,0,82,98,534,543,541,540]} 1. e4 c5 2. Nf3 d6 3. d4 cxd4 4. Nxd4 Nf6 5. Nc3 a6 6. Bg5 e6 7. f4 Nbd7 8. Qe2 Qc7 9. O-O-O b5 10. a3 {B96: Sicilian Najdorf: 6 Bg5 e6 7 f4, lines other than 7...Qb6 and 7...Be7.} Rb8 {10...Be7 is becoming the main line.} 11. g4 h6 12. Bh4 {[%cal Bg5h4,Bh4e1,Be1f2][%mdl 32] White is slightly better.} Be7 13. Bg2 {[%cal Oe4e5]} b4 14. axb4 Rxb4 15. Be1 {[%cal Oc3d5]} Qb6 {[%csl LRb2,LRd4]} 16. Bf2 {[%cal Od4e6] [#] Strongly threatening Nxe6!} Rxb2 $146 {[#]} ({Predecessor:} 16... Qc7 17. h4 h5 18. g5 Ng4 19. Be1 Qb6 20. Nd5 exd5 21. Bxb4 Qxb4 22. exd5 Nb8 23. Rh3 Qa5 24. Rb3 Qa1+ 25. Kd2 Qa5+ 26. c3 Qc7 27. Re1 {1-0 (27) Tari,A (2553)-Sarkar,J (2426) Reykjavik 2016}) 17. Ndb5 $1 Qa5 {[%cal Rb2b5]} 18. Kxb2 {And now Qc4 would win. Active counter play!} Qb4+ 19. Kc1 {Black must now prevent Rd4.} axb5 {[#]} 20. Kd2 $36 {[%mdl 2048] White is more active.} ({Much worse is} 20. Nxb5 O-O 21. c3 Qa5 $11) 20... O-O 21. Rb1 Qa5 {aiming for ...b4.} 22. Rxb5 (22. Qxb5 $14 Qxb5 23. Rxb5 (23. Nxb5 Nxg4 24. Ba7 Bb7 $14)) 22... Qc7 (22... Qa8 $1 $11) 23. Ra1 $16 Rd8 $2 {[%mdl 8192]} (23... Nc5 $16) 24. Ra7 $18 Qc6 {[#]} 25. Nd5 $1 {[%mdl 512] Weighted Error Value: White=0.05 (flawless) /Black=0.59} 1-0

[Event "GM Tournament Belgrade 2022"]
[Site "Belgrade"]
[Date "2022.03.12"]
[Round "7.2"]
[White "Navara, David"]
[Black "Nihal Sarin"]
[Result "1-0"]
[WhiteElo "2697"]
[BlackElo "2656"]
[Annotator "TA"]
[PlyCount "119"]
[EventDate "2022.03.06"]
[EventType "tourn"]
[EventCountry "SRB"]
[SourceTitle "playchess.com"]
[Source "ChessBase"]
[SourceQuality "1"]

{[%evp 10,119,25,0,-6,-7,7,-2,10,0,11,20,19,0,13,9,18,0,0,-9,0,0,0,-11,8,-10,-6,-11,0,-14,0,-7,0,0,8,1,47,47,33,27,27,7,10,-5,-6,-19,-15,-12,0,-25,-31,-34,-34,-32,-25,-10,0,0,0,0,0,0,0,0,0,0,0,0,0,30,36,0,0,10,17,0,0,0,0,0,4,0,0,0,0,30,71,63,63,63,87,79,73,86,80,37,93,93,93,93,139,93,224,221,214,222,5065,5057,29979,29980,29980,29979]} 1. c4 e5 2. Nc3 Nf6 3. Nf3 Nc6 4. e3 Bb4 5. Qc2 Bxc3 6. bxc3 (6. Qxc3 $5 {[%cal Rf3e5]} d6 7. b4 $11) 6... d6 {A28: English Opening: Four Knights Variation.} 7. e4 O-O 8. Be2 b6 {The position is equal.} 9. d3 {[%cal Bd2d3,Bd3d4][%mdl 32]} Nd7 10. O-O Bb7 {[#]} 11. d4 $146 ({Predecessor:} 11. Bg5 f6 12. Be3 f5 13. exf5 Rxf5 14. d4 Qf8 15. d5 Na5 16. Ng5 g6 17. Ne6 {1-0 (31) Kambrath,Y (2371)-Burke,J (2551) Charlotte 2019}) 11... Re8 12. Bg5 Ne7 13. c5 h6 14. Bh4 Qc8 15. cxd6 cxd6 16. Bg3 Ng6 17. Bd3 Nf6 18. Rfe1 Nh5 19. Rac1 Qc7 20. Nd2 Rac8 21. Qb2 Rcd8 22. a4 Nxg3 (22... d5 $11) 23. hxg3 $14 Nf8 24. Nc4 Nd7 25. Ne3 (25. a5 $5) 25... Nf6 26. d5 {[%cal Oa4a5]} Rf8 27. a5 bxa5 28. Qa3 Nd7 29. Ra1 Nc5 30. Bc2 a4 31. f3 Bc8 32. Bxa4 f5 33. Bc2 {[%cal Re4f5]} fxe4 34. Bxe4 a6 35. Bc2 Bd7 36. Qa5 Qa7 37. Kh2 Bc8 38. Rab1 Qe7 39. Rb6 Bd7 40. Qb4 (40. Nc4 $5 {[%cal Rc4d6]} Qg5 41. Qa1 $11 (41. Nxd6 Rxf3 42. Ne4 Nxe4 $17) (41. Rxd6 Nb7 $11)) 40... Bb5 41. c4 Bd7 42. Nd1 Bf5 43. Bxf5 Rxf5 44. Nf2 {To avoid Nd3} Rdf8 45. Qd2 Rh5+ 46. Kg1 Rg5 47. g4 Rg6 (47... a5 $11) 48. Rc6 Rgf6 49. Ne4 Nxe4 50. Rxe4 Qb7 51. Qa2 Qa7+ 52. Kh1 (52. c5 $16) 52... a5 (52... Qe7 $14) 53. c5 $1 $16 dxc5 54. Rxe5 {aiming for Rxf6. White is more active.} Qd7 ({Black should play} 54... Qf7 55. Rce6 (55. Qxa5 $2 Rxf3 56. Re1 Rf1+ 57. Rxf1 Qxf1+ 58. Kh2 Rf2 $19) 55... Rxe6 56. dxe6 Qe7) 55. Rxf6 ({Don't do} 55. Rxc5 Qd6 56. Rh5 Re8 $16) (55. d6+ $142 Kh8 56. Qd5 (56. Rcxc5 a4 $16)) 55... gxf6 {[#] This move loses the game for Black.} (55... Rxf6 $16 56. d6+ (56. Qxa5 Qd6 $16) 56... Kh7) 56. d6+ $1 $18 Qf7 {[#]} 57. Re6 $1 {[%cal Be5e6,Be6e7,Be7e8][%mdl 32]} Kh8 $2 (57... a4 58. Qe2 a3) 58. Qe2 {Threatening mate with Re7.} Rd8 59. Re7 Qd5 60. Re8+ {Weighted Error Value: White=0.06 (flawless) /Black=0.19 (very precise)} 1-0

[Event "GM Tournament Belgrade 2022"]
[Site "Belgrade"]
[Date "2022.03.12"]
[Round "7.3"]
[White "Indjic, Aleksandar"]
[Black "Markus, Robert"]
[Result "1-0"]
[WhiteElo "2604"]
[BlackElo "2625"]
[Annotator "TA"]
[PlyCount "115"]
[EventDate "2022.03.06"]
[EventType "tourn"]
[EventCountry "SRB"]
[SourceTitle "playchess.com"]
[Source "ChessBase"]
[SourceQuality "1"]

{[%evp 16,115,21,16,2,16,13,0,9,6,12,7,21,10,8,24,31,9,8,8,8,9,4,2,11,7,7,12,54,25,25,25,27,25,33,7,7,0,0,0,0,0,6,6,11,0,14,14,21,24,24,25,66,66,66,66,66,0,0,0,0,0,8,10,18,18,73,73,73,73,73,73,73,0,0,0,25,24,31,34,73,73,73,0,42,42,73,73,311,306,322,328,1800,1552,1920,1840,29965,29967,12836,12836,29987,29988]} 1. e4 e6 2. d4 d5 3. e5 c5 4. c3 Nc6 5. Nf3 Bd7 6. Be2 Nge7 7. O-O cxd4 8. cxd4 Nf5 9. Nc3 a6 {C02: French: Advance Variation.} 10. g4 Nh4 11. Nxh4 Qxh4 {The position is equal.} 12. f4 {[#]} f6 $146 {[%cal Oh7h5]} ({Predecessor:} 12... Rc8 13. Be3 Na5 14. Bf2 Qd8 15. Rc1 Be7 16. Bd3 O-O 17. Kh1 b5 18. Qf3 Nc4 {½-½ (34) Ribes Colom,J (2250)-Gonzalez Sanchez,F (2278) ICCF email 2018}) 13. Be3 fxe5 14. fxe5 Be7 15. Qd2 Rf8 16. Rxf8+ Kxf8 17. Kg2 Kg8 18. h3 {[%cal Bh2h3,Bh3h4,Bh4h5][%mdl 32]} Rf8 19. Rf1 Rxf1 20. Bxf1 Be8 21. Bd3 g5 (21... Bd8 $11 {deserves consideration.}) 22. Bf2 Qh6 23. h4 Bg6 {...Bxd3 is the strong threat.} 24. Be2 Bb4 25. h5 Be4+ 26. Kg3 Qg7 {[%cal Oc6e5]} 27. a3 {[%cal Ba2a3,Ba3a4,Ba4b5][%mdl 32]} Bxc3 28. Qxc3 Qf8 {( -> ...Qf4+)} 29. Be3 {Inhibits Qf4+.} h6 30. b4 Kf7 31. Bd2 Qa8 32. a4 Qa7 33. Be3 Qb6 (33... Qa8 $1 $11) 34. b5 $14 axb5 35. axb5 Qa5 36. Qc1 (36. Bd2 $1 $14 Qxc3+ 37. Bxc3) 36... Ne7 $11 37. Kf2 Ke8 38. Qb2 b6 39. Bd2 Qa4 40. Bb4 Kd7 (40... Qc2 $11 41. Qxc2 Bxc2) 41. Qc3 $16 Qa7 42. Bd6 Kd8 43. Ke3 Nc8 44. Qc6 (44. Bb4 $16) 44... Bh7 45. Kf2 Qf7+ 46. Ke1 Qa7 47. Qc3 {Black must now prevent Bf8.} Qf7 {Prevents Bf8.} 48. Ba3 {White is much more active.} Be4 49. Bd6 Bh7 $1 50. Qc1 Be4 51. Qa3 $36 {[%mdl 2048] White is really pushing.} Ke8 $2 {Black cannot hold the game after this.} (51... Qh7 $16) 52. Qa8 $18 {[%cal Ra8c8]} Kd8 53. Qb8 {[%cal Od6c5] Strongly threatening Bc5!} Bh7 $2 {[#]} (53... Qd7 54. Bf8 Qe8) 54. Bc5 $1 {[%mdl 512]} bxc5 (54... Qc7 55. Qxc7+) 55. b6 {Bb5 would kill now.} Qd7 {Inhibits Bb5.} 56. Ba6 Bd3 57. Bxd3 {White threatens Ba6 and mate.} c4 58. Bc2 {Weighted Error Value: White=0.07 (flawless) /Black=0.43} 1-0

[Event "GM Tournament Belgrade 2022"]
[Site "Belgrade"]
[Date "2022.03.12"]
[Round "7.4"]
[White "Sjugirov, Sanan"]
[Black "Abdusattorov, Nodirbek"]
[Result "1-0"]
[WhiteElo "2680"]
[BlackElo "2651"]
[Annotator "TA"]
[PlyCount "99"]
[EventDate "2022.03.06"]
[EventType "tourn"]
[EventCountry "SRB"]
[SourceTitle "playchess.com"]
[Source "ChessBase"]
[SourceQuality "1"]

{[%evp 11,99,16,20,12,18,2,16,14,22,19,25,24,22,0,12,22,79,0,3,12,2,8,9,9,29,18,73,79,80,72,72,72,72,75,76,79,90,90,102,101,101,102,101,101,115,115,115,115,115,115,108,107,108,112,120,120,137,137,145,145,183,183,188,188,414,412,405,405,717,655,597,607,721,711,683,695,725,423,666,427,770,761,1086,1010,29989,29990,29990,29991,29991,29992]} 1. d4 Nf6 2. Nf3 g6 3. Nbd2 d5 4. b3 Bg7 5. Bb2 O-O 6. e3 Nbd7 7. Be2 {D04: Colle System.} b6 8. c4 Bb7 9. O-O {The position is equal.} a5 10. Rc1 c5 {[#]} 11. dxc5 $146 ({Predecessor:} 11. Qc2 a4 12. dxc5 bxc5 13. cxd5 Bxd5 14. Bc4 axb3 15. axb3 Bb7 {½-½ (15) Meduna,E (2515)-Kindermann,S (2520) Trnava 1987}) 11... Nxc5 12. cxd5 (12. Qc2 {is more complex.} e6 13. Rfd1 Rc8 14. Bd4 Nfe4 15. Qb2) 12... Bxd5 13. Nc4 a4 (13... Rc8 $11) 14. Bxf6 ({White should play} 14. b4 $16 Ncd7 15. a3) 14... Bxf6 $11 {[#]} 15. Nxb6 $1 Qxb6 16. Qxd5 axb3 17. axb3 {[%cal Ba2b3,Bb3b4][%mdl 32]} ({But not} 17. Qxc5 $2 Qxc5 18. Rxc5 bxa2 $19) (17. Rxc5 $2 bxa2 18. Rb5 Qd8 19. Qxd8 Rfxd8 $19) 17... Ra5 18. Rb1 Rd8 (18... Nb7 $11 {remains equal.} 19. Qd3 Qb4) 19. Qc4 $16 Ra3 20. b4 Na4 21. Rb3 Rxb3 22. Qxb3 Nc3 23. Bc4 e6 24. Rc1 Rb8 25. Rxc3 Bxc3 26. Qxc3 Qxb4 27. Qe5 Rd8 28. Bf1 Rd1 {Hoping for ...Qb1.} 29. h3 Qb1 30. Nh2 Qa1 31. Qf4 Kg7 32. g3 h5 33. Kg2 Re1 34. g4 hxg4 35. hxg4 Qa8+ {[#]} 36. Nf3 $1 Ra1 37. g5 {Threatens to win with e4.} Ra4 {Inhibits e4.} (37... Ra5 38. Qf6+ Kg8) 38. Qf6+ $18 ({Not} 38. Bc4 Kg8 39. Kg3 Qd8 $16) 38... Kg8 39. Kg3 Qe4 (39... Ra7 $142 40. Ne5 Qe8) 40. Bh3 {Strongly threatening Ne5.} Ra7 41. Ne5 {[%cal Oe5f7] Intending Nxf7! and mate.} Qb1 42. Ng4 Qb8+ 43. f4 {[%cal Bf2f4,Bf4e5][%mdl 32]} Qb6 44. Qc3 Qa5 (44... Rc7 $142 45. Nf6+ Kf8 46. Qa3+ Kg7 47. Ne8+ Kg8 48. Nxc7 Qxc7 49. Qa8+ Kg7 50. Qa1+ Kg8) 45. Qd4 {And now Bg2 would win.} e5 (45... Qe1+ $142 46. Kf3 Qa5) 46. fxe5 Qe1+ 47. Kf3 Ra5 48. Qd8+ {White mates.} Kg7 49. Nh6 {[%csl Gh6][%cal Rd8g8]} Qh1+ 50. Bg2 {Weighted Error Value: White=0.17 (very precise) /Black=0.38} 1-0